[Event "26. Off. Wuerttembergische Seniorenmst."]
[Site "Freudenstadt"]
[Date "2014.07.18"]
[Round "3.24"]
[White "Woelbl, Josef"]
[Black "Sukatsch, Manfred"]
[Result "1-0"]
[WhiteElo "1623"]
[BlackElo "1765"]
[PlyCount "102"]
[EventDate "2014.??.??"]
[WhiteTeam "SV Rottweil"]
[BlackTeam "SC BÃ¶blingen 1975 e.V."]

1. Nf3 c5 2. c4 Nf6 3. Nc3 d6 4. e3 g6 5. d4 Nbd7 6. Be2 Bg7 7. O-O b6 8. Qc2
O-O 9. b3 a6 10. Bb2 Ng4 11. h3 Nh6 12. dxc5 bxc5 13. Ne4 f6 14. Rfd1 Nf7 15.
Ng3 Bb7 16. Nd2 Nfe5 17. f4 Nf7 18. Bf3 Rb8 19. Bxb7 Rxb7 20. Qe4 Qc8 21. Rab1
f5 22. Qf3 Nf6 23. Bxf6 Bxf6 24. Ngf1 e5 25. fxe5 dxe5 26. Ng3 Rd7 27. Nde4 Bg7
28. Nf2 Ng5 29. Qe2 f4 30. Rxd7 Qxd7 31. Nge4 f3 32. Qd1 Qe7 33. Qd5+ Kh8 34.
g4 Ne6 35. Qd6 Qxd6 36. Nxd6 Bh6 37. Re1 Bg5 38. Nde4 Be7 39. Rd1 Rd8 40. Rxd8+
Bxd8 41. Nd3 Ng5 42. Nxg5 Bxg5 43. Kf2 e4 44. Nxc5 Bh4+ 45. Kf1 Bg5 46. Nxe4
Bxe3 47. c5 Kg7 48. c6 Bf4 49. Kf2 Kf8 50. Nc5 Ke7 51. Nxa6 Bh2 1-0

[Event "26. Off. Wuerttembergische Seniorenmst."]
[Site "Freudenstadt"]
[Date "2014.07.18"]
[Round "3.25"]
[White "Zschorsch, Peter"]
[Black "Blosze, Winfried"]
[Result "0-1"]
[WhiteElo "1762"]
[BlackElo "1611"]
[PlyCount "120"]
[EventDate "2014.??.??"]
[WhiteTeam "Karlsruher SF 1853"]
[BlackTeam "SV KÃ¶nigsspringer 1929 GroÃŸauhei"]

1. e4 e5 2. Nf3 Nc6 3. Bc4 Bc5 4. d3 h6 5. c3 Qe7 6. O-O d6 7. b4 Bb6 8. a4 a5
9. Bb5 Bd7 10. Bxc6 Bxc6 11. b5 Bd7 12. Nbd2 Nf6 13. Nc4 Bc5 14. Ne3 O-O 15.
Qc2 Be6 16. d4 exd4 17. cxd4 Bb4 18. Nd2 Rfc8 19. d5 Bd7 20. Nec4 Re8 21. f3
Nh5 22. Nb3 Qf6 23. Be3 Qg6 24. Kh1 f5 25. Ncd2 Rac8 26. g3 Nf6 27. Bd4 c6 28.
dxc6 bxc6 29. bxc6 Rxc6 30. Qd1 Be6 31. exf5 Bxf5 32. Bxf6 Qxf6 33. Re1 Rxe1+
34. Qxe1 Rc2 35. Rd1 Bd7 36. Qe4 Qc3 37. Qd5+ Kh8 38. Qa8+ Qc8 39. Qxc8+ Rxc8
40. Ne4 Bxa4 41. Rd3 d5 42. Nf2 Bxb3 43. Rxb3 Rc3 44. Rxc3 Bxc3 45. Nd3 a4 46.
Kg1 a3 47. Nc1 d4 48. Na2 g5 49. Kf2 Kg7 50. Ke2 Kf6 51. Kd3 Bb2 52. Ke4 Ke6
53. f4 g4 54. Nb4 h5 55. Na2 Kd6 56. Kd3 Kc5 57. f5 Kd5 58. Kc2 Kc4 59. Kd2 d3
60. f6 Bxf6 0-1

[Event "26. Off. Wuerttembergische Seniorenmst."]
[Site "Freudenstadt"]
[Date "2014.07.18"]
[Round "3.26"]
[White "Goldinger, Josef"]
[Black "Just, Gabriele"]
[Result "1/2-1/2"]
[WhiteElo "1590"]
[BlackElo "1761"]
[PlyCount "69"]
[EventDate "2014.??.??"]
[WhiteTeam "SV Rottweil"]
[BlackTeam "SG Leipzig"]

1. e4 e6 2. d4 d5 3. exd5 exd5 4. Nc3 Bb4 5. Bd2 Ne7 6. Nf3 Nbc6 7. Be2 Bg4 8.
Be3 Qd7 9. O-O Bxc3 10. bxc3 O-O-O 11. h3 Bh5 12. Rb1 Rde8 13. Rb2 Nd8 14. Qd2
Bxf3 15. Bxf3 h5 16. Rfb1 f6 17. Be2 Qe6 18. c4 g5 19. cxd5 Nxd5 20. Bc4 Qd6
21. Bxd5 Qxd5 22. Qb4 Re6 23. c4 Qe4 24. d5 Ra6 25. Qc3 Re8 26. Bd4 Qf5 27. a3
h4 28. Rb5 Qf4 29. Be3 Qe5 30. Re1 Qd6 31. Ra5 Rxa5 32. Qxa5 a6 33. Bd4 Rxe1+
34. Qxe1 g4 35. hxg4 {(remis, 54 ZA1/4ge)} 1/2-1/2

[Event "26. Off. Wuerttembergische Seniorenmst."]
[Site "Freudenstadt"]
[Date "2014.07.18"]
[Round "3.27"]
[White "Braun, Gerhard"]
[Black "Reimann, Guenther"]
[Result "0-1"]
[WhiteElo "1483"]
[BlackElo "1751"]
[PlyCount "112"]
[EventDate "2014.??.??"]
[WhiteTeam "SV Nagold"]
[BlackTeam "SC Magstadt"]

1. Nf3 e6 2. g3 f5 3. d4 Nf6 4. Bg2 Be7 5. O-O O-O 6. c4 c6 7. c5 b6 8. b4 a5
9. Qb3 axb4 10. Qxb4 Nd5 11. Qb3 bxc5 12. Nc3 Nxc3 13. Qxc3 cxd4 14. Nxd4 Bf6
15. Qc4 Ba6 16. Qa4 Bb7 17. Qb4 Qc7 18. Ba3 Rxa3 19. Qxa3 Bxd4 20. Rab1 Be5 21.
Qa7 Ba6 22. Qxc7 Bxc7 23. Rb2 Kf7 24. Rd1 Ke7 25. e3 d5 26. Bf1 Bxf1 27. Kxf1
Kd6 28. f4 Nd7 29. a4 Ra8 30. Ra2 Nc5 31. Rda1 Nb3 32. Rb1 Na5 33. Ke2 Nc4 34.
h3 Bb6 35. Rb3 Kc7 36. g4 g6 37. g5 Ra5 38. Kf3 Kb7 39. h4 Rxa4 40. Rxa4 Nd2+
41. Kg3 Nxb3 42. h5 Nc5 43. Ra1 Ne4+ 44. Kf3 c5 45. hxg6 hxg6 46. Rh1 c4 47.
Rh7+ Kc6 48. Ke2 c3 49. Kd3 c2 50. Kxc2 Bxe3 51. Rh6 Bxf4 52. Rxg6 Nxg5 53. Kd3
Kd6 54. Ke2 d4 55. Kd3 Kd5 56. Rg8 Ne4 0-1

[Event "26. Off. Wuerttembergische Seniorenmst."]
[Site "Freudenstadt"]
[Date "2014.07.18"]
[Round "3.28"]
[White "Stuiber, Wilhelm"]
[Black "Bauer, Robert"]
[Result "1-0"]
[WhiteElo "1751"]
[BlackElo "1210"]
[PlyCount "56"]
[EventDate "2014.??.??"]
[WhiteTeam "SK Turm Euskirchen 65"]
[BlackTeam "SABT Post SÃ¼dstadt Karlsruhe"]

1. e3 d5 2. d4 c6 3. f4 Nh6 4. Nf3 Nd7 5. Bd3 Nf6 6. O-O Ne4 7. Nbd2 Bf5 8. Qe2
e6 9. Bxe4 dxe4 10. Ne5 Qh4 11. g3 Qh3 12. Qg2 Be7 13. Re1 Bf6 14. Qxh3 Bxh3
15. Nxe4 Bxe5 16. fxe5 Bf5 17. Nd6+ Ke7 18. c3 b5 19. Nxf5+ Nxf5 20. e4 Nh6 21.
Bxh6 gxh6 22. b4 a5 23. a3 a4 24. Rf1 Rhg8 25. Rf4 Rg7 26. Raf1 Rag8 27. Kg2 h5
28. Rf6 h4 {(1:0, 55 ZA1/4ge)} 1-0

[Event "26. Off. Wuerttembergische Seniorenmst."]
[Site "Freudenstadt"]
[Date "2014.07.18"]
[Round "3.29"]
[White "Fiedler, Joachim"]
[Black "Micheel, Peter"]
[Result "1/2-1/2"]
[WhiteElo "1467"]
[BlackElo "1741"]
[PlyCount "83"]
[EventDate "2014.??.??"]
[WhiteTeam "USV TU Dresden"]
[BlackTeam "SSC Graal-MÃ¼ritz"]

1. d4 Nf6 2. c4 e5 3. dxe5 Ng4 4. Bf4 g5 5. Bg3 Bg7 6. Nc3 Nxe5 7. e4 d6 8. Nf3
Nbc6 9. Nxe5 Nxe5 10. Be2 Be6 11. Qa4+ Nd7 12. Qc2 Ne5 13. b3 Nc6 14. Qd2 Nd4
15. Rd1 f5 16. Bh5+ Kf8 17. exf5 Nxf5 18. O-O Bf7 19. Bxf7 Kxf7 20. Qd5+ Kg6
21. Qe6+ Qf6 22. Qxf6+ Bxf6 23. Nd5 Rac8 24. Rde1 Kf7 25. Re4 Rhe8 26. Rxe8
Rxe8 27. Nxc7 Re2 28. a3 Rb2 29. Nb5 Rxb3 30. Nxd6+ Nxd6 31. Bxd6 Rc3 32. f4 g4
33. Rb1 b6 34. c5 Bd4+ 35. Kf1 Bxc5 36. Bxc5 Rxc5 37. Rb3 Kf6 38. Kf2 Kf5 39.
Kg3 h5 40. a4 Ke4 41. Rb4+ Kd3 42. Kh4 1/2-1/2

[Event "26. Off. Wuerttembergische Seniorenmst."]
[Site "Freudenstadt"]
[Date "2014.07.18"]
[Round "3.30"]
[White "Foltas, Hermann"]
[Black "Flockerzi, Armin"]
[Result "1-0"]
[WhiteElo "1884"]
[BlackElo "1567"]
[PlyCount "35"]
[EventDate "2014.??.??"]
[WhiteTeam "SK Siemens MÃ¼nchen"]
[BlackTeam "VfR-SC Koblenz"]

1. d4 d5 2. c4 c6 3. Nc3 Nf6 4. Nf3 g6 5. Bf4 e6 6. e3 Bg7 7. h3 Nbd7 8. Bd3
dxc4 9. Bxc4 Nb6 10. Bb3 O-O 11. e4 Re8 12. Qd2 Nbd7 13. Bg5 Qa5 14. O-O e5 15.
Bxf6 Bxf6 16. d5 cxd5 17. Nxd5 Bg7 18. Qxa5 1-0

[Event "26. Off. Wuerttembergische Seniorenmst."]
[Site "Freudenstadt"]
[Date "2014.07.18"]
[Round "3.31"]
[White "Buss, Richard"]
[Black "Kuepferle, Ernst"]
[Result "1/2-1/2"]
[WhiteElo "1390"]
[BlackElo "1715"]
[PlyCount "140"]
[EventDate "2014.??.??"]
[WhiteTeam "VfR Heisfelde e.V."]
[BlackTeam "SK Kehl"]

1. e4 c5 2. Nf3 e6 3. Nc3 a6 4. a4 Nc6 5. d4 cxd4 6. Nxd4 Bc5 7. Be3 Qf6 8.
Nce2 Nge7 9. c3 e5 10. Nf5 d6 11. Bxc5 Nxf5 12. exf5 dxc5 13. g4 O-O 14. Bg2
Rd8 15. Qc2 Bd7 16. O-O Be8 17. Ng3 Qe7 18. Ne4 f6 19. b3 Bf7 20. h4 h6 21. h5
Na5 22. Rab1 Rac8 23. Rfd1 Rxd1+ 24. Qxd1 Qd8 25. Qxd8+ Rxd8 26. Nxc5 b6 27.
Nxa6 Bxb3 28. Nc7 Rd3 29. Be4 Rxc3 30. Bd5+ Kf8 31. Ne6+ Ke7 32. Bxb3 Nxb3 33.
Kg2 e4 34. Nxg7 Kd6 35. Ne6 Ke5 36. Rb2 Rd3 37. Re2 Rd2 38. f4+ Kd6 39. Rxd2+
Nxd2 40. Kf2 Nc4 41. Ng7 Ke7 42. Ne6 Nb2 43. Nc7 Nxa4 44. Ke3 Kd7 45. Nb5 Nc5
46. Nd4 Ke7 47. Nb5 Kf8 48. Nd4 Kf7 49. Ne6 Nb7 50. Kxe4 Nd6+ 51. Kd5 Ke7 52.
Nd4 Kd7 53. Nc6 Nf7 54. Nd4 Nd6 55. Nb3 Nf7 56. Nd2 Nd8 57. Ne4 Ke7 58. Kc4 Nc6
59. Kd5 Nb4+ 60. Kc4 Nc6 61. g5 fxg5 62. fxg5 hxg5 63. Nxg5 Kf6 64. Ne4+ Kxf5
65. Ng3+ Kg5 66. Kb5 Nb8 67. Kxb6 Nd7+ 68. Kc7 Nf6 69. Kd6 Nxh5 70. Nxh5 Kxh5
1/2-1/2

[Event "26. Off. Wuerttembergische Seniorenmst."]
[Site "Freudenstadt"]
[Date "2014.07.18"]
[Round "3.32"]
[White "Schuler, Georg"]
[Black "Klaus, Eduard"]
[Result "1-0"]
[WhiteElo "1670"]
[BlackElo "1539"]
[PlyCount "75"]
[EventDate "2014.??.??"]
[WhiteTeam "SV Balingen"]
[BlackTeam "SC MÃ¶hringen 1961"]

1. c4 c5 2. Nf3 Nc6 3. Nc3 e6 4. d4 cxd4 5. Nxd4 a6 6. g3 Nf6 7. Bg2 Bb4 8. O-O
O-O 9. Ne4 Nxe4 10. Bxe4 f5 11. Bg2 Bc5 12. e3 Qb6 13. Nf3 Qc7 14. a3 a5 15. b3
Rb8 16. Bb2 Be7 17. Qc2 Bf6 18. Rad1 Bxb2 19. Qxb2 b5 20. c5 b4 21. Rd2 Ne7 22.
Rc1 Nd5 23. axb4 axb4 24. Qe5 Rb7 25. Rxd5 exd5 26. Qxd5+ Kh8 27. Ne5 Rb8 28.
Nf7+ Rxf7 29. Qxf7 Bb7 30. Qxf5 Bxg2 31. Kxg2 h6 32. Rd1 Rc8 33. Rd5 Qc6 34. f3
Qe6 35. e4 Qxf5 36. Rxf5 Kg8 37. Kf2 Rc7 38. Ke3 1-0

[Event "26. Off. Wuerttembergische Seniorenmst."]
[Site "Freudenstadt"]
[Date "2014.07.18"]
[Round "3.33"]
[White "Scholtyssek, Werner"]
[Black "Schuetze, Manfred"]
[Result "0-1"]
[WhiteElo "1526"]
[BlackElo "1615"]
[PlyCount "100"]
[EventDate "2014.??.??"]
[WhiteTeam "SK Blankenloch 1947 e.V."]
[BlackTeam "SV Blau-Rot Pratau"]

1. c4 b6 2. Nc3 Bb7 3. d4 Nf6 4. e3 e6 5. Nf3 Bb4 6. Be2 Ne4 7. Bd2 Bxc3 8.
bxc3 d6 9. Qc2 Nd7 10. O-O f5 11. Rad1 O-O 12. Bc1 Qe7 13. d5 e5 14. Nd2 Nxd2
15. Bxd2 Nc5 16. f3 Bc8 17. g3 Bd7 18. Rde1 g5 19. g4 fxg4 20. fxg4 Rxf1+ 21.
Rxf1 Rf8 22. Rxf8+ Qxf8 23. h3 e4 24. Be1 Qf6 25. Kh2 Be8 26. Qd1 Qe5+ 27. Kg2
Qg7 28. Qd4 Ba4 29. Qxg7+ Kxg7 30. Bd2 Bc2 31. Kf1 Bd3 32. Be1 Bxe2+ 33. Kxe2
Nd3 34. a3 Ne5 35. Bd2 Nxc4 36. Bc1 Kf6 37. Kd1 Ke5 38. Kc2 Kxd5 39. a4 a6 40.
Kb3 c6 41. Kb4 c5+ 42. Kb3 b5 43. axb5 axb5 44. Kc2 Ne5 45. Kb3 Nf3 46. Kb2 Kc4
47. Kc2 Ng1 48. Bd2 Nxh3 49. Bc1 d5 50. Bb2 Ng1 0-1

[Event "26. Off. Wuerttembergische Seniorenmst."]
[Site "Freudenstadt"]
[Date "2014.07.18"]
[Round "3.34"]
[White "Klein, Peter"]
[Black "Bartlitz, Heinz"]
[Result "1-0"]
[WhiteElo "1569"]
[BlackElo "1464"]
[PlyCount "101"]
[EventDate "2014.??.??"]
[WhiteTeam "SK Horb"]
[BlackTeam "Bramfelder SK 1947 e.V."]

1. d4 d6 2. Nf3 Nf6 3. c4 c6 4. Nc3 a6 5. g3 h6 6. Bg2 Nbd7 7. Qc2 e5 8. dxe5
dxe5 9. O-O Qc7 10. Be3 Bc5 11. Bxc5 Nxc5 12. Rad1 O-O 13. b4 Ne6 14. Ne4 Nh7
15. Nd6 Nd4 16. Nxd4 Qxd6 17. Nxc6 Qf6 18. Na5 Rb8 19. c5 Bf5 20. Be4 Bxe4 21.
Qxe4 Ng5 22. Qg4 Rfd8 23. h4 Ne6 24. Qe4 Rd4 25. Rxd4 Nxd4 26. Nc4 Nc6 27. a3
Qe6 28. Rd1 Rd8 29. Rxd8+ Nxd8 30. Nd6 Qe7 31. f4 f6 32. Qd5+ Kh7 33. Nf5 Qc7
34. e3 exf4 35. exf4 b6 36. cxb6 Qxb6+ 37. Kg2 Qc6 38. Ne7 Qe8 39. Qe4+ g6 40.
h5 Kg7 41. hxg6 Qd7 42. f5 Nb7 43. Nd5 Nd6 44. Qe6 Qxe6 45. fxe6 Kxg6 46. Nc7
f5 47. Nxa6 Kf6 48. Nc5 Ke7 49. a4 Ne4 50. a5 Nxc5 51. bxc5 1-0

[Event "26. Off. Wuerttembergische Seniorenmst."]
[Site "Freudenstadt"]
[Date "2014.07.18"]
[Round "3.35"]
[White "Janzen, Christian"]
[Black "Blutharsch, Walter"]
[Result "0-1"]
[WhiteElo "1505"]
[BlackElo "1726"]
[PlyCount "62"]
[EventDate "2014.??.??"]
[WhiteTeam "TSV Marienfelde 1890 e.V."]
[BlackTeam "VfL Sindelfingen"]

1. e4 e5 2. Nf3 Nc6 3. Bc4 Be7 4. O-O Nf6 5. d3 d6 6. h3 O-O 7. a3 Na5 8. Nbd2
Nxc4 9. Nxc4 h6 10. Re1 Be6 11. Ne3 Qd7 12. Kh2 Nh7 13. g4 c6 14. c4 Rac8 15.
Bd2 Qc7 16. Rc1 Qb8 17. Nf5 Bf6 18. Bb4 Rfe8 19. Re2 Rcd8 20. Qg1 d5 21. cxd5
cxd5 22. Rec2 dxe4 23. dxe4 Ng5 24. Nd2 Rxd2 25. Bxd2 Nf3+ 26. Kg2 Nxg1 27.
Kxg1 Qd8 28. Ng3 Bg5 29. Bxg5 Qxg5 30. Rc7 Rd8 31. Kg2 Rd2 0-1

[Event "26. Off. Wuerttembergische Seniorenmst."]
[Site "Freudenstadt"]
[Date "2014.07.18"]
[Round "3.36"]
[White "Straesser, Gerda"]
[Black "Scharhag, Wilhelm"]
[Result "0-1"]
[WhiteElo "1467"]
[BlackElo "1679"]
[PlyCount "68"]
[EventDate "2014.??.??"]
[WhiteTeam "SV Rottweil"]
[BlackTeam "SK Bad Krozingen"]

1. e4 e6 2. d4 d5 3. Nd2 Nf6 4. e5 Nfd7 5. Bd3 c5 6. c3 Nc6 7. Ne2 Qb6 8. Nf3
cxd4 9. cxd4 Bb4+ 10. Bd2 Bxd2+ 11. Qxd2 Qb4 12. Qxb4 Nxb4 13. Bb1 Nb6 14. a3
Nc6 15. O-O Bd7 16. Bd3 Rc8 17. Rac1 Ke7 18. Bb5 Nxe5 19. Bxd7 Nexd7 20. b3 f6
21. Rfe1 Rxc1 22. Rxc1 Rc8 23. Rxc8 Nxc8 24. Nc3 a6 25. a4 Kd6 26. Kf1 Na7 27.
Nd2 Nc6 28. Ne2 e5 29. dxe5+ fxe5 30. f4 e4 31. g4 Nc5 32. Ng3 g6 33. h4 Nd4
34. h5 e3 0-1

[Event "26. Off. Wuerttembergische Seniorenmst."]
[Site "Freudenstadt"]
[Date "2014.07.18"]
[Round "3.37"]
[White "Kunze, Manfred"]
[Black "Mueller, Herbert"]
[Result "0-1"]
[WhiteElo "1450"]
[BlackElo "1583"]
[PlyCount "94"]
[EventDate "2014.??.??"]
[WhiteTeam "SV Motor Hainichen 1949"]
[BlackTeam "SK Horb"]

1. c4 c5 2. Nf3 Nc6 3. g3 Nf6 4. Bg2 e6 5. Nc3 d5 6. cxd5 exd5 7. d4 b6 8. Qa4
Bd7 9. Qc2 Be7 10. O-O O-O 11. e3 Rc8 12. a3 Bg4 13. Qd2 Na5 14. Ra2 Nb3 15.
Qe1 Bxf3 16. Bxf3 cxd4 17. Ne2 dxe3 18. fxe3 Re8 19. Qd1 Nxc1 20. Nxc1 Bc5 21.
Kg2 Bxe3 22. Ne2 d4 23. Qd3 Re7 24. a4 Nd5 25. Qb3 Nf6 26. Qd3 Rcc7 27. b4 Ng4
28. Rb2 Ne5 29. Qb3 Nxf3 30. Rxf3 h6 31. Nf4 Bxf4 32. gxf4 Qa8 33. Kg3 Qe4 34.
Qd3 Qxd3 35. Rxd3 Rc3 36. Rxc3 dxc3 37. Rc2 Rc7 38. a5 bxa5 39. bxa5 f5 40. h4
g6 41. Kf3 a6 42. Ke3 Kf7 43. Kd3 Ke6 44. Rg2 c2 45. Rxg6+ Kf7 46. Rxh6 c1=Q
47. Rh7+ Kg6 0-1

[Event "26. Off. Wuerttembergische Seniorenmst."]
[Site "Freudenstadt"]
[Date "2014.07.18"]
[Round "3.38"]
[White "Gabriel, Klaus"]
[Black "Hoffmann, Peter"]
[Result "1/2-1/2"]
[WhiteElo "1444"]
[BlackElo "1521"]
[PlyCount "88"]
[EventDate "2014.??.??"]
[WhiteTeam "SC Leinfelden"]
[BlackTeam "SC Ostfildern 1952 e.V."]

1. d4 d5 2. Nf3 Nf6 3. Bf4 Nh5 4. Bg3 Nxg3 5. hxg3 Bf5 6. e3 h6 7. Bd3 Bg4 8.
Nbd2 Nc6 9. c3 Qd6 10. Qc2 Bd7 11. e4 e6 12. e5 Qe7 13. b4 a6 14. Nb3 Qd8 15.
O-O Na7 16. Nc5 Bxc5 17. bxc5 c6 18. a4 Qc7 19. Qb2 Rb8 20. Qb6 Qxb6 21. cxb6
Nc8 22. a5 Ne7 23. Nd2 g5 24. Nb3 h5 25. f3 Ng6 26. Bxg6 fxg6 27. Kf2 Rd8 28.
Ke3 Ke7 29. Nc5 Bc8 30. Nd3 Rdf8 31. Nf2 Rf7 32. Ke2 Bd7 33. Nd3 h4 34. gxh4
Rxh4 35. Rh1 Rfh7 36. Rxh4 Rxh4 37. Nf2 Kf7 38. Rh1 Kg7 39. Rxh4 gxh4 40. Ng4
g5 41. Nf6 Bc8 42. Kf2 Kg6 43. g3 Kf5 44. g4+ Kg6 1/2-1/2

[Event "26. Off. Wuerttembergische Seniorenmst."]
[Site "Freudenstadt"]
[Date "2014.07.18"]
[Round "3.39"]
[White "Baeuerle, Horst"]
[Black "Rauer, Wilhelm"]
[Result "1-0"]
[WhiteElo "1506"]
[BlackElo "1287"]
[PlyCount "97"]
[EventDate "2014.??.??"]
[WhiteTeam "SK Horb"]
[BlackTeam "SC 1875 Ellwangen"]

1. c4 e6 2. Nc3 d6 3. g3 c6 4. Bg2 Be7 5. Nf3 Nd7 6. O-O Ngf6 7. Re1 O-O 8. e4
e5 9. d3 Re8 10. a3 Nf8 11. h3 Bd7 12. Kh2 Kh8 13. Rh1 Ng6 14. Kg1 Kg8 15. Rb1
b6 16. Be3 Qc8 17. Rc1 Be6 18. Ng5 h6 19. Nxe6 Qxe6 20. Qd2 Nh7 21. Rf1 Rf8 22.
h4 Rad8 23. h5 Nh8 24. f4 exf4 25. gxf4 Qc8 26. Bh3 Qc7 27. Qg2 Nf6 28. Qf3 a6
29. Rf2 d5 30. cxd5 cxd5 31. exd5 Bc5 32. d4 Bd6 33. f5 Rfe8 34. Rg2 Qe7 35.
Bxh6 Qe1+ 36. Qf1 Qxf1+ 37. Kxf1 Kh7 38. Bxg7 Ne4 39. Ne2 Rc8 40. f6 Nd2+ 41.
Kf2 Ne4+ 42. Ke1 Ng3 43. Kd2 Nxe2 44. Bf5+ Kg8 45. Bh6+ Ng6 46. hxg6 Bb8 47.
gxf7+ Kxf7 48. Bxc8 Rxc8 49. Rxe2 1-0

[Event "26. Off. Wuerttembergische Seniorenmst."]
[Site "Freudenstadt"]
[Date "2014.07.19"]
[Round "4.1"]
[White "Hoeschele, Hans-Ulrich"]
[Black "Weisenburger, Horst"]
[Result "1-0"]
[WhiteElo "1948"]
[BlackElo "2028"]
[PlyCount "71"]
[EventDate "2014.??.??"]
[WhiteTeam "Stuttgarter SF 1879"]
[BlackTeam "SC Böblingen 1975 e.V."]

1. e3 g6 2. d4 Bg7 3. b3 c5 4. c3 Nf6 5. Nd2 b6 6. Be2 Bb7 7. Bf3 d5 8. Qc2 Nc6
9. Ne2 O-O 10. O-O e5 11. g3 Rc8 12. Ba3 Ba6 13. Qd1 Re8 14. dxc5 Bf8 15. c4
dxc4 16. Nxc4 bxc5 17. Qc1 e4 18. Rd1 Qe7 19. Bg2 Nb4 20. Bh3 Rcd8 21. Bxb4
cxb4 22. Rxd8 Qxd8 23. Nd4 Nd5 24. Qc2 Qg5 25. Rd1 Bc5 26. Bg2 Nc3 27. Rd2 f5
28. Bf1 Qf6 29. a3 Nd5 30. axb4 Bxb4 31. Rd1 g5 32. Ra1 Bc3 33. Rd1 f4 34. Ne2
fxe3 35. Nxc3 e2 36. Bxe2 1-0

[Event "26. Off. Wuerttembergische Seniorenmst."]
[Site "Freudenstadt"]
[Date "2014.07.19"]
[Round "4.2"]
[White "Wolf, Walter"]
[Black "Gollasch, Theo-Heinz"]
[Result "1-0"]
[WhiteElo "2121"]
[BlackElo "1996"]
[PlyCount "39"]
[EventDate "2014.??.??"]
[WhiteTeam "Stuttgarter SF 1879"]
[BlackTeam "Hamburger SK von 1830 eV"]

1. e4 c5 2. Nf3 Nc6 3. Bb5 g6 4. c3 Bg7 5. O-O Qb6 6. a4 a6 7. Be2 d6 8. Na3
Nf6 9. Nc4 Qc7 10. d3 Rb8 11. h3 O-O 12. Ne3 e6 13. Nh4 d5 14. Ng4 b5 15. Nxf6+
Bxf6 16. axb5 axb5 17. Bh6 Rd8 18. c4 Be7 19. Qc1 dxc4 20. dxc4 1-0

[Event "26. Off. Wuerttembergische Seniorenmst."]
[Site "Freudenstadt"]
[Date "2014.07.19"]
[Round "4.3"]
[White "Just, Joachim"]
[Black "Weenink, Henk"]
[Result "0-1"]
[WhiteElo "1878"]
[BlackElo "2185"]
[PlyCount "78"]
[EventDate "2014.??.??"]
[WhiteTeam "SV Motor Zeitz"]

1. d4 d5 2. c4 c6 3. Nc3 Nf6 4. e3 g6 5. Nf3 Bg7 6. Bd3 dxc4 7. Bxc4 O-O 8. O-O
Bg4 9. Be2 Nbd7 10. e4 Qb6 11. h3 Bxf3 12. Bxf3 Rfd8 13. Na4 Qc7 14. Qc2 Rac8
15. Be3 Qb8 16. Rfd1 e5 17. dxe5 Nxe5 18. Be2 Ned7 19. Bf3 b6 20. Rac1 c5 21.
Nc3 Ne5 22. Be2 Qb7 23. Rxd8+ Rxd8 24. Rd1 Rxd1+ 25. Qxd1 h6 26. f4 Nc6 27. e5
Nd7 28. Bf3 Ndb8 29. Qd5 Qe7 30. Ne4 Kh7 31. Nd6 Nd8 32. Qa8 Nd7 33. Nc8 Qh4
34. Kh2 Nxe5 35. Nd6 Nxf3+ 36. gxf3 Qe7 37. Nc4 b5 38. Na3 Qxe3 39. Qxd8 Qf2+
0-1

[Event "26. Off. Wuerttembergische Seniorenmst."]
[Site "Freudenstadt"]
[Date "2014.07.19"]
[Round "4.4"]
[White "Braeunlin, Klaus"]
[Black "Prill, Gerhard"]
[Result "1/2-1/2"]
[WhiteElo "2063"]
[BlackElo "1955"]
[PlyCount "49"]
[EventDate "2014.??.??"]
[WhiteTeam "TG Biberach"]
[BlackTeam "SC Heitersheim"]

1. e4 e5 2. Nf3 Nc6 3. Bc4 Nf6 4. d3 Be7 5. c3 d6 6. Bb3 O-O 7. Nbd2 Na5 8. Bc2
c5 9. b3 Nc6 10. Nf1 Re8 11. Ng3 Bf8 12. h3 h6 13. Qe2 d5 14. O-O a6 15. Rd1 d4
16. c4 b6 17. Rf1 Bd6 18. Nh4 Ne7 19. f4 Ng6 20. Nxg6 fxg6 21. f5 g5 22. Bd2
Bd7 23. Rf2 Qe7 24. Raf1 Rab8 25. Nh5 1/2-1/2

[Event "26. Off. Wuerttembergische Seniorenmst."]
[Site "Freudenstadt"]
[Date "2014.07.19"]
[Round "4.5"]
[White "Schmieder, Siegfried"]
[Black "Haselhorst, Helmut"]
[Result "0-1"]
[WhiteElo "1962"]
[BlackElo "2023"]
[PlyCount "46"]
[EventDate "2014.??.??"]
[WhiteTeam "SG Schwäbisch Gmünd 1872 e.V"]
[BlackTeam "SC Steinfurt 1996 e.V."]

1. e4 c6 2. d4 d5 3. f3 dxe4 4. fxe4 e5 5. Nf3 Be6 6. c3 h6 7. Nbd2 Nd7 8. dxe5
Qc7 9. Bc4 Nxe5 10. Bxe6 Nd3+ 11. Ke2 Nf4+ 12. Kf1 Nxe6 13. Nb3 Nf6 14. Qc2 Be7
15. Nbd4 Ng5 16. e5 Nd5 17. Qf5 g6 18. Qd3 O-O-O 19. Qe2 Rhe8 20. Kf2 Nxf3 21.
Nxf3 Bc5+ 22. Kg3 f6 23. Re1 fxe5 0-1

[Event "26. Off. Wuerttembergische Seniorenmst."]
[Site "Freudenstadt"]
[Date "2014.07.19"]
[Round "4.6"]
[White "Reimann, Guenther"]
[Black "Lang, Ferdinand"]
[Result "1/2-1/2"]
[WhiteElo "1751"]
[BlackElo "2051"]
[PlyCount "45"]
[EventDate "2014.??.??"]
[WhiteTeam "SC Magstadt"]
[BlackTeam "TSV Willsbach"]

1. c4 Nf6 2. Nf3 g6 3. g3 Bg7 4. Bg2 O-O 5. O-O c5 6. d3 d5 7. Nbd2 Nc6 8. Re1
Qc7 9. Rb1 h6 10. a3 Be6 11. cxd5 Bxd5 12. Qc2 Nd7 13. b4 cxb4 14. Rxb4 Rac8
15. Rb1 b6 16. Bb2 Nf6 17. Rec1 Qd7 18. Qd1 Rfe8 19. e4 Be6 20. d4 Bg4 21. d5
Na5 22. Qe1 e6 23. Ne5 1/2-1/2

[Event "26. Off. Wuerttembergische Seniorenmst."]
[Site "Freudenstadt"]
[Date "2014.07.19"]
[Round "4.7"]
[White "Gerhardt, Peter-Michael"]
[Black "Storkebaum, Karl-Heinrich"]
[Result "1-0"]
[WhiteElo "1861"]
[BlackElo "1758"]
[PlyCount "118"]
[EventDate "2014.??.??"]
[WhiteTeam "SC Vahr"]
[BlackTeam "SAbt TEC Darmstadt"]

1. d4 d5 2. c4 c6 3. Nc3 Nf6 4. Nf3 e6 5. Bg5 Be7 6. e3 Nbd7 7. Bd3 dxc4 8.
Bxc4 Nb6 9. Bd3 O-O 10. O-O Nfd5 11. Bxe7 Qxe7 12. Rc1 Nd7 13. Bb1 b6 14. Nxd5
cxd5 15. Rc7 g6 16. Qc2 Qd6 17. Rc6 Qb8 18. Rc1 Ba6 19. Rc3 Rc8 20. Qa4 Rxc3
21. Rxc3 Qb7 22. Qc2 Rc8 23. Rxc8+ Qxc8 24. Qxc8+ Bxc8 25. Bd3 h6 26. Kf1 Kf8
27. Ke1 Ke7 28. Kd2 Kd6 29. Bb5 f6 30. g3 Nf8 31. Ne1 e5 32. dxe5+ fxe5 33. h4
Bf5 34. Be2 Bb1 35. a3 Ne6 36. Kc1 Ba2 37. Bd3 e4 38. Bc2 Bc4 39. Kd2 g5 40.
hxg5 Nxg5 41. Ng2 Ke5 42. Nf4 Nf3+ 43. Kc3 Bb5 44. Bb3 Bc6 45. Bd1 d4+ 46.
exd4+ Nxd4 47. Ng6+ Kd5 48. Ne7+ Kd6 49. Ng6 Kd5 50. a4 a5 51. Ne7+ Kc5 52. Ng8
h5 53. Nf6 Nf5 54. Bc2 h4 55. gxh4 Nxh4 56. Nxe4+ Kd5 57. Nd2 Kc5 58. Nb3+ Kd6
59. Nd4 Ng2 1-0

[Event "26. Off. Wuerttembergische Seniorenmst."]
[Site "Freudenstadt"]
[Date "2014.07.19"]
[Round "4.8"]
[White "Pape, Manfred"]
[Black "Woisetschlaeger, Adolf"]
[Result "1-0"]
[WhiteElo "2019"]
[BlackElo "1778"]
[PlyCount "75"]
[EventDate "2014.??.??"]
[WhiteTeam "SK Bad Harzburg"]
[BlackTeam "SC Schwarz-Weiß Zell"]

1. e4 e6 2. d3 d5 3. Nd2 dxe4 4. dxe4 Be7 5. Ngf3 Nd7 6. Bc4 c6 7. O-O Ngf6 8.
Re1 Qc7 9. Bf1 O-O 10. g3 Rd8 11. Qe2 b5 12. Bg2 a5 13. b3 Ba6 14. Bb2 c5 15.
c4 Rab8 16. Bc3 Ng4 17. e5 b4 18. Bb2 Bb7 19. Rad1 Nf8 20. h3 Nh6 21. Ne4 Kh8
22. Nd6 Bxf3 23. Bxf3 Bxd6 24. exd6 Qd7 25. Qe5 f6 26. Qxc5 e5 27. Kh2 Qf5 28.
Qe3 Ne6 29. Bg2 Qh5 30. Qe2 Qe8 31. f4 Nd4 32. Bxd4 exd4 33. Qxe8+ Rxe8 34. d7
Rf8 35. Rxd4 Rbd8 36. c5 Nf5 37. Rd5 g6 38. c6 1-0